000 00905 a2200217 4500
003 MN-UlNLM
005 20220920175257.0
008 a130t2006 mp ||||| |||| 00| 0 mon d
040 _aМонгол Улсын Үндэсний номын сан
084 _bГ 132
_2NNA
_q9
_a91
245 0 _aГадаад хэл дээр докторын (Ph.D) зэрэг хамгаалсан эдэмтдийн бүтээлийн номзүй
260 4 _aУБ
_bБембисан
_c2006
300 _a553х
490 _vДэвт. 3
546 _aMongolia
653 _aЛавлах хэвлэл
_aНомзүй
740 _aПечатное дело.
_aФилософиские науки.
_aПсихологические науки.
_aЭкономические науки.
_aПедагогические науки.
_aТехнические науки.
856 _aprintbook
942 _cBK
999 _c64937
_d64937